Top 10 Città più popolose Città Metropolitana di Roma - Statistics

Statistiche generali
  • Questo quiz è stato fatto 46 volte
  • Il punteggio medio è 7 su 10
Statistiche sulle risposte
Popolazione (ab.) Città % Corretto
2 617 175 Roma
100%
67 626 Fiumicino
84%
52 910 Tivoli
76%
81 447 Guidonia Montecelio
71%
51 229 Civitavecchia
68%
49 731 Anzio
66%
56 372 Pomezia
66%
45 460 Nettuno
58%
52 295 Velletri
50%
44 202 Ardea
45%
Nessun quiz corrispondente trovato
Distribuzione punteggi
Percentuale di utenti per punteggio
Percentile per numero di risposta
I tuoi punteggi nel tempo
Non hai fatto questo quiz